|
|
|
|
| LEADER |
00949nam a2200241 a 4500 |
| 001 |
360763 |
| 008 |
100731s1978 ilua b 001 0 eng d |
| 010 |
|
|
|a 77081248
|
| 020 |
|
|
|a 003018021X
|
| 040 |
|
|
|a DLC
|c DLC
|d DLC
|d BD-DhAAL
|
| 082 |
0 |
0 |
|a 657/.042
|2 18
|
| 100 |
1 |
|
|a Reynolds, Isaac N.
|
| 245 |
1 |
0 |
|a Elementary accounting /
|c Isaac N. Reynolds, Albert Slavin, Allen B. Sanders.
|
| 260 |
|
|
|a Hinsdale, Ill. :
|b Dryden Press,
|c c1978.
|
| 300 |
|
|
|a xxv, 988 p. :
|b ill. ;
|c 25 cm.
|
| 504 |
|
|
|a Includes bibliographical references and index.
|
| 541 |
1 |
|
|e 00001611
|
| 650 |
|
0 |
|a Accounting.
|
| 700 |
1 |
|
|a Slavin, Albert,
|e joint author.
|
| 700 |
1 |
|
|a Sanders, Allen B.,
|e joint author.
|
| 852 |
4 |
|
|a Ayesha Abed Library
|j General shelf
|
| 999 |
|
|
|c 9374
|d 9374
|
| 952 |
|
|
|0 0
|1 0
|2 ddc
|4 0
|6 657_042000000000000_REY_1978
|7 0
|9 12176
|a BRACUL
|b BRACUL
|c GEN
|d 2010-09-29
|g 0.00
|l 1
|m 2
|o 657.042 REY
|p 3010001611
|r 2015-04-19
|s 2015-04-03
|t 1
|w 2010-09-29
|y BK
|z Not price in Register
|